[Event "Challenge"]
[Site "http://www.queenalice.com/game.php?id=830757"]
[Date "2010.9.10"]
[Round "-"]
[White "jdcsf"]
[Black "hugo10mendes"]
[Result "1-0"]
[WhiteElo "1449"]
[BlackElo "1275"]

1. d4 e6 2. e4 c5 3. c3 g6 4. e5 d6 5. Nf3 dxe5 6. Nxe5 Bd6 7. Nf3 e5 8. Bd3 Bg4
9. h3 Bxf3 10. Qxf3 f6 11. Qxb7 Nd7 12. O-O f5 13. Qd5 Ndf6 14. Qe6+ Qe7 15.
Qxe7+ Bxe7 16. dxe5 Nd5 17. Bb5+ Kd8 18. Bc6 Rb8 19. Bxd5 Bd6 20. exd6 Nf6 21.
Bg5 Rf8 22. b3 h6 23. Bxf6+ Rxf6 24. Rd1 Kd7 25. Bf3 h5 26. Na3 g5 27. Bxh5 g4
28. hxg4 fxg4 29. Bxg4+ Kc6 30. Nc4 Rg8 31. f3 Rf4 32. d7 Rd8 33. Re1 Rf6 34.
Re8 Rxd7 35. Bxd7+ Kd5 36. Rd1# 1-0

[Event "Challenge"]
[Site "http://www.queenalice.com/game.php?id=830768"]
[Date "2010.9.10"]
[Round "-"]
[White "Karpv"]
[Black "jdcsf"]
[Result "0-1"]
[WhiteElo "1406"]
[BlackElo "1449"]

1. e4 d5 2. exd5 Qxd5 3. Nc3 Qd8 4. d4 Bf5 5. Nf3 e6 6. Bc4 Bd6 7. Bg5 Be7 8.
Qd2 h6 9. Bf4 a6 10. O-O-O Nf6 11. d5 O-O 12. dxe6 Bxe6 13. Qxd8 Bxd8 14. Bxe6
fxe6 15. Rhe1 Nd5 16. Nxd5 exd5 17. Rxd5 Nc6 18. Bd2 Bf6 19. a3 Na7 20. Rd7 Rac8
21. Nd4 Rfd8 22. Rxd8+ Rxd8 23. Ne6 Rc8 24. Nc5 Bd4 25. Ne4 Nb5 26. Be3 Bxe3+
27. Rxe3 c5 28. a4 Nd4 29. Nd6 Rc7 30. Re8+ Kh7 31. c3 Nb3+ 32. Kc2 Na5 33. Rc8
Re7 34. Re8 Rd7 35. Ne4 c4 36. f3 Nb3 37. Rc8 Na5 38. g4 Rd3 39. Rc5 b6 40. Rf5
Re3 41. h4 Re2+ 42. Kb1 Re1+ 0-1

[Event "Let's Play Chess!"]
[Site "http://www.queenalice.com/game.php?id=830774"]
[Date "2010.9.10"]
[Round "-"]
[White "jdcsf"]
[Black "Aldino"]
[Result "1-0"]
[WhiteElo "1500"]
[BlackElo "2106"]

1. d4 d5 2. Nc3 e6 3. a3 Nf6 4. Bf4 Bd6 5. Bg5 h6 6. Bxf6 Qxf6 7. e4 Qd8 8. e5
Be7 9. Nf3 c6 10. Bd3 b5 11. O-O Nd7 12. Ne2 Bg5 13. Ng3 g6 14. h3 h5 15. Nh2
Bh6 16. c3 a6 17. Qf3 Qe7 18. Rfe1 Bb7 19. Re2 Bg5 20. Rae1 O-O-O 21. Bc2 Rdf8
22. a4 Qd8 23. axb5 cxb5 24. Qd3 Qb6 25. Nf3 Bf4 26. Nh2 Rhg8 27. b3 f6 28. c4
fxe5 29. cxb5 Qxb5 30. Qc3+ Kd8 31. Nf3 exd4 32. Nxd4 Qb6 33. Nxe6+ Ke7 34.
Nxf8+ Kxf8 35. Re8+ 1-0

[Event "Let's Play Chess!"]
[Site "http://www.queenalice.com/game.php?id=830775"]
[Date "2010.9.10"]
[Round "-"]
[White "sioux"]
[Black "jdcsf"]
[Result "1-0"]
[WhiteElo "1579"]
[BlackElo "1500"]

1. e4 d5 2. exd5 Qxd5 3. Nc3 Qd8 4. Be2 Bf5 5. Nf3 e6 6. d3 Bd6 7. Bg5 Be7 8.
Bxe7 Qxe7 9. O-O h6 10. b3 Nf6 11. a4 O-O 12. Na2 Nc6 13. c4 Rad8 14. Qd2 Nd4
15. Nb4 Nxb3 16. Qe3 Nxa1 17. Rxa1 a6 18. Qa7 Qxb4 19. h3 Bxd3 20. Bd1 Bxc4 21.
Ne5 Qc3 22. Rb1 Qxe5 23. Qxb7 Qe1+ 24. Kh2 Rxd1 25. Rxd1 Qxd1 26. Qxc7 Qxa4 27.
Kh1 Ne4 28. f3 1-0

[Event "Let's Play Chess!"]
[Site "http://www.queenalice.com/game.php?id=830861"]
[Date "2010.9.10"]
[Round "-"]
[White "jdcsf"]
[Black "kinghenry"]
[Result "1-0"]
[WhiteElo "1397"]
[BlackElo "1672"]

1. d4 d5 2. Nc3 Bf5 3. Bf4 c6 4. h3 Qb6 5. Rb1 e6 6. a3 Qa5 7. e3 a6 8. Bd3 Bxa3
9. Ra1 Qb4 10. Rxa3 b5 11. Ne2 Qe7 12. Ra1 Qb4 13. Rb1 Ne7 14. O-O h6 15. Ng3
Nd7 16. Bxf5 Nxf5 17. Nce2 Rc8 18. e4 Nh4 19. c3 Qe7 20. Re1 g5 21. Be3 f5 22.
exf5 exf5 23. Nf1 f4 24. Bd2 Qf7 25. Nxf4+ Kf8 26. Ne6+ Kg8 27. Qg4 Nf6 28. Qg3
Ne4 29. Nxg5 Nxg3 30. Nxf7 Nxf1 31. Nxh6+ Kg7 32. Kxf1 Rxh6 33. Bxh6+ Kxh6 34.
Re6+ Ng6 35. Rbe1 Kg5 36. Rd6 a5 37. Ree6 Nf4 38. Rh6 b4 39. Rxc6 Rxc6 40. Rxc6
bxc3 41. bxc3 Nd3 42. Ra6 Kf5 43. Rxa5 Nf4 44. Rc5 Ke4 45. Rc8 Kd3 46. h4 Ne2
47. h5 Nxc3 48. Rxc3+ Kxc3 49. h6 Kxd4 50. h7 Kc5 51. h8=Q d4 52. Ke2 Kc4 53.
Qd8 Kc3 54. g4 Kc4 55. g5 Kc5 56. g6 Kc4 57. g7 Kc3 58. g8=Q d3+ 59. Qxd3+ Kb4
60. Qg4+ Ka5 61. Qdf5+ Kb6 62. Qgg6+ Kc7 63. Qff7+ Kd8 64. Qgg8# 1-0

[Event "Plain old Chess"]
[Site "http://www.queenalice.com/game.php?id=834787"]
[Date "2010.9.19"]
[Round "-"]
[White "jdcsf"]
[Black "zipperjones"]
[Result "1-0"]
[WhiteElo "1393"]
[BlackElo "1218"]

1. d4 Nc6 2. Nc3 e5 3. d5 Nd4 4. e4 Bc5 5. Be3 d6 6. h3 Nf6 7. Nge2 Nxe2 8. Qxe2
c6 9. Bxc5 cxd5 10. Ba3 dxe4 11. Nxe4 Be6 12. Nxd6+ Kd7 13. Rd1 Ne8 14. Nxb7+
1-0

[Event "Challenge"]
[Site "http://www.queenalice.com/game.php?id=842233"]
[Date "2010.10.5"]
[Round "-"]
[White "Sylvan"]
[Black "jdcsf"]
[Result "1-0"]
[WhiteElo "1525"]
[BlackElo "1486"]

1. e4 d5 2. exd5 Qxd5 3. Nc3 Qd8 4. Nf3 Bf5 5. d3 e6 6. Qe2 Bd6 7. Bd2 h6 8. Ne5
Nf6 9. O-O-O Nbd7 10. d4 O-O 11. h3 Nh7 12. Qf3 Qc8 13. Qg3 Kh8 14. d5 Bxe5 15.
f4 Bf6 16. Qh2 Nb6 17. g4 Bg6 18. h4 Bxc3 19. Bxc3 f5 20. h5 Bf7 21. g5 hxg5 22.
h6 Bg6 23. hxg7+ Kg8 24. gxf8=Q+ Qxf8 25. Be2 Nxd5 26. Be5 Ne3 27. Rd7 1-0

[Event "Challenge"]
[Site "http://www.queenalice.com/game.php?id=842237"]
[Date "2010.10.5"]
[Round "-"]
[White "cathare"]
[Black "jdcsf"]
[Result "0-1"]
[WhiteElo "1513"]
[BlackElo "1433"]

1. e4 d5 2. e5 d4 3. Nf3 a6 4. Bc4 Nc6 5. O-O Bg4 6. Bxf7+ Kxf7 7. Ng5+ Ke8 8.
Qxg4 Nxe5 9. Qf5 Qd5 10. f4 Nf3+ 11. gxf3 Qxf5 0-1

[Event "Challenge"]
[Site "http://www.queenalice.com/game.php?id=845879"]
[Date "2010.10.14"]
[Round "-"]
[White "jdcsf"]
[Black "Aracy"]
[Result "0-1"]
[WhiteElo "1450"]
[BlackElo "1519"]

1. d4 d5 2. Nc3 Nf6 3. Bf4 Ne4 4. e3 Nxc3 5. bxc3 Bf5 6. Bd3 Bxd3 7. Qxd3 c6 8.
Nf3 e6 9. h3 Bd6 10. Bxd6 Qxd6 11. c4 Qb4+ 12. Nd2 dxc4 13. Qe2 Qb2 14. O-O Qxc2
15. Rfc1 Qd3 16. Qe1 c3 17. Nb3 c2 18. Qb4 b6 19. Qd6 h6 20. Re1 Qc3 21. e4 Na6
22. Re3 Qxa1+ 23. Nxa1 c1=Q+ 0-1

[Event "Challenge"]
[Site "http://www.queenalice.com/game.php?id=845880"]
[Date "2010.10.14"]
[Round "-"]
[White "Aracy"]
[Black "jdcsf"]
[Result "1-0"]
[WhiteElo "1648"]
[BlackElo "1441"]

1. d4 d5 2. b3 Nc6 3. Bb2 Bf5 4. a3 h6 5. Nf3 e6 6. e3 Bd6 7. c4 Nf6 8. c5 Be7
9. Bb5 O-O 10. O-O a6 11. Bd3 Be4 12. Ne5 Re8 13. f3 Bxd3 14. Qxd3 Nh7 15. Nc3
Na5 16. Na4 Bf6 17. Bc3 Nc6 18. Nxc6 bxc6 19. f4 Be7 20. Ra2 Nf6 21. h3 Ne4 22.
Bb4 Bh4 23. Be1 Qf6 24. Bxh4 Qxh4 25. Qe2 f6 26. Qf3 a5 27. Rc2 Rab8 28. Rb2 Rb7
29. Kh2 f5 30. g3 Qe7 31. Rc1 Reb8 32. Rcb1 Rb5 33. b4 axb4 34. axb4 Ra8 35. Ra1
g5 36. h4 gxh4 37. gxh4 Qxh4+ 38. Kg1 Kh7 39. Qg2 Rg8 40. Qxg8+ Kxg8 41. Rg2+
Kf7 42. Nb2 Ng3 43. Rh2 Qg4 44. Rg2 Qf3 45. Re1 Rxb4 46. Nd3 Qh5 47. Rxg3 Rb3
48. Ne5+ Kf6 49. Ra1 Qe2 50. Rg6+ Ke7 51. Rg7+ Kf8 52. Rf7+ 1-0

[Event "Challenge"]
[Site "http://www.queenalice.com/game.php?id=845883"]
[Date "2010.10.14"]
[Round "-"]
[White "jdcsf"]
[Black "Aracy"]
[Result "0-1"]
[WhiteElo "1420"]
[BlackElo "1543"]

1. d4 d5 2. Nc3 c6 3. e4 e6 4. e5 Bb4 5. a3 Bxc3+ 6. bxc3 Nd7 7. Nf3 c5 8. h3
Nb6 9. Bd3 Ne7 10. O-O Na4 11. c4 Nc3 12. Qe1 cxd4 13. Nxd4 Na4 14. Qb4 Qd7 15.
c5 a5 16. Qb1 Nxc5 17. Bb5 Nc6 18. a4 Ne4 19. Ra3 O-O 20. Rf3 Qc7 21. Bxc6 bxc6
22. Bf4 c5 23. Nb5 Qb7 0-1

[Event "Challenge"]
[Site "http://www.queenalice.com/game.php?id=845884"]
[Date "2010.10.14"]
[Round "-"]
[White "connysean"]
[Black "jdcsf"]
[Result "1-0"]
[WhiteElo "1374"]
[BlackElo "1465"]

1. d4 d5 2. c4 c6 3. Nc3 Bf5 4. Qb3 Nd7 5. cxd5 Nb6 6. dxc6 bxc6 7. Nf3 e6 8.
Bf4 h6 9. e3 Bd6 10. Bg3 Nf6 11. Be2 O-O 12. Ne5 Bxe5 13. Bxe5 Nbd5 14. f3 Bg6
15. Kf2 Rb8 16. Bxb8 1-0

[Event "Challenge"]
[Site "http://www.queenalice.com/game.php?id=845885"]
[Date "2010.10.14"]
[Round "-"]
[White "jdcsf"]
[Black "geopivas"]
[Result "1-0"]
[WhiteElo "1429"]
[BlackElo "1487"]

1. d4 d5 2. Nc3 g6 3. e4 c6 4. e5 f6 5. Bf4 Bh6 6. Qd2 g5 7. Bg3 g4 8. Qd1 Bf5
9. Bd3 Qc8 10. f3 gxf3 11. Nxf3 Na6 12. O-O Nb4 13. Nh4 Bd7 14. Qh5+ Kd8 15. a3
Bg4 16. Qf7 Kc7 17. exf6+ Kd7 18. axb4 Be6 19. Qh5 Nxf6 20. Qxh6 Ng4 21. Qf4 Ke8
22. Bf5 Rf8 23. Bg6+ Rf7 24. Bxf7+ Bxf7 25. Qxf7+ Kd8 26. Qg8+ Kd7 27. Qxg4+ e6
28. Rf7+ Ke8 29. Qg8# 1-0

[Event "Challenge"]
[Site "http://www.queenalice.com/game.php?id=845890"]
[Date "2010.10.14"]
[Round "-"]
[White "AgdaViana"]
[Black "jdcsf"]
[Result "0-1"]
[WhiteElo "1166"]
[BlackElo "1432"]

1. g3 d5 2. Bg2 e5 3. Nc3 d4 4. Nd5 Nc6 5. e4 h6 6. Nf3 Bg4 7. Qe2 Bc5 8. h3 Be6
9. Qc4 Bd6 10. Qb5 Rb8 0-1

[Event "Challenge"]
[Site "http://www.queenalice.com/game.php?id=859363"]
[Date "2010.11.15"]
[Round "-"]
[White "jdcsf"]
[Black "Karpv"]
[Result "0-1"]
[WhiteElo "1455"]
[BlackElo "1667"]

1. d4 Nf6 2. Nc3 d5 3. Bf4 c6 4. e3 g6 5. h3 Bg7 6. Nf3 O-O 7. Bd3 Nbd7 8. e4
dxe4 9. Bxe4 Nxe4 10. Nxe4 c5 11. c3 cxd4 12. cxd4 Nb6 13. O-O Bf5 14. Ng3 Be6
15. b3 Rc8 16. Qd2 Bd5 17. Nh2 Bc6 18. Rad1 h5 19. Bh6 Re8 20. Bxg7 Kxg7 21. Qg5
Kh7 22. f4 Qd5 0-1